| 000 | 06341nam a22006137a 4500 | ||
|---|---|---|---|
| 005 | 20080922101333.0 | ||
| 008 | 080922t xxu||||| |||| 00| 0 eng d | ||
| 010 | _aB-348605-635 | ||
| 020 |
_c325.00 _a8131715698 |
||
| 020 |
_c325.00 _a9788131715697 |
||
| 035 | _aB-348605-635 | ||
| 037 | _bUBH | ||
| 040 |
_adpl _bEnglish |
||
| 082 | _a000 | ||
| 100 | _aThorpe, Edgar | ||
| 245 |
_aThe pearson guide to the Central Police Forces (Assistant Commandants) examination / _cby Showick Thorpe [and] Edgar Thorpe |
||
| 260 |
_aNew Delhi _bDorling Kindersley _c2008 |
||
| 270 |
_a482, F.I.E. Patparganj _bDelhi _e110017 |
||
| 300 |
_aVarious pagings _c27cm. (pbk) |
||
| 700 | _aThorpe, Showick | ||
| 942 |
_2ddc _cEN _mTHO _h000 |
||
| 999 |
_c23962 _d23962 |
||